000 01040nam a2200313 i 4500
003 DO-SdBNP
005 20251126134528.0
007 ta
008 251126b2014 dr ad||| |||| 00| 0 spa d
040 _aDO-SdBNP
_bspa
_cBNPHHU
_erda
041 _aspa
082 4 _a150.287
_bH557f 2014
_222
100 1 _aHernández, Carlos,
_d1957-
_933511
_4aut.
_eautor
245 1 0 _aFundamentos de medición psicológica /
_cCarlos Hernández.
250 _aPrimera edición
264 1 _aSanto Domingo :
_beditor no identificado,
_c2014.
300 _a102 páginas:
_bilustraciones, gráficos ;
_c26 cm.
336 _atexto
_btxt
_2rdacontent
337 _asin mediación
_bn
_2rdamedia
338 _avolumen
_bnc
_2rdacarrier
490 0 _aTemas de psicología
500 _aIncluye datos biográficos del autor en la contracubierta.
504 _aBibliografia : páginas 91-93
590 _aInventariado, 2025/BT
650 0 _aPsicología
_xPruebas psicológicas
_9152
650 0 _aPsicometría
_94641
910 _aBtavárez
942 _2ddc
_cLBS1
999 _c60078
_d60078